[Event "GCT 2023 Saint Louis - Rapid"]
[Site "Saint Louis"]
[Date "15.11.2023"]
[Round "5R"]
[White "Vachier Lagrave, Maxime"]
[Black "Nepomniachtchi, Ian"]
[Result "1/2-1/2"]
[WhiteElo "2734"]
[BlackElo "2771"]
[EventDate "2023.11.14"]

1. e4 e5 2. Nf3 Nc6 3. Bb5 a6 4. Ba4 Be7 5. c4 Nf6 6. Nc3 Bc5 7. O-O O-O 8.
Nxe5 b5 9. cxb5 Nd4 10. d3 axb5 11. Nxb5 Ne6 12. Nf3 Ba6 13. Nc3 c6 14. Be3
Bxe3 15. fxe3 Qb6 16. Qd2 Nc5 17. Bc2 Qxb2 18. Rfb1 Qa3 19. d4 Ne6 20. e5
Nd5 21. Nxd5 cxd5 22. Rb3 Qe7 23. Qb4 Qd8 24. Bd3 Bxd3 25. Rxd3 Ra6 26. a4
Qa8 27. Rb3 h6 28. a5 Rc8 29. h3 Nd8 30. Qb5 Nc6 31. Qxd5 Nxa5 32. Qxa8
Rcxa8 33. Rba3 R6a7 34. d5 Nc6 35. Rxa7 Rxa7 36. Rxa7 Nxa7 37. e4 Nb5 38.
Kf2 Kf8 39. Ke3 Nc3 40. Nd4 g6 41. Kd3 Nd1 42. Nb5 Ke7 43. Nc3 Nb2+ 44. Kd4
h5 45. h4 Ke8 46. Ne2 Nd1 47. Nf4 Ke7 48. e6 dxe6 49. dxe6 fxe6 50. Ke5 Kf7
51. Nxe6 Ne3 52. Nf4 Nc4+ 53. Kd5 Ne3+ 54. Kd4 Nc2+ 55. Kc5 Ne3 56. e5 Nf5
57. Kc6 Nxh4 58. Kd7 Nf5 59. e6+ Kf6 60. Nd5+ Kg5 61. e7 Nxe7 62. Kxe7 h4
63. Kf7 h3 64. gxh3 Kh4 65. Kxg6 Kxh3 1/2-1/2

[Event "GCT 2023 Saint Louis - Rapid"]
[Site "Saint Louis"]
[Date "15.11.2023"]
[Round "5R"]
[White "Sevian,Samuel"]
[Black "Xiong,Jeffery"]
[Result "1/2-1/2"]
[WhiteElo "2696"]
[BlackElo "2681"]
[EventDate "2023.11.14"]

1. e4 e5 2. Nf3 Nf6 3. d4 Nxe4 4. dxe5 d5 5. Nbd2 Qd7 6. Bd3 Nc5 7. Be2 Ne6
8. O-O Be7 9. Re1 O-O 10. Nf1 c5 11. Ng3 Rd8 12. Nf5 Bf8 13. c3 Nc6 14. Bb5
a6 15. Ba4 b5 16. Bc2 d4 17. cxd4 Ncxd4 18. N5xd4 Nxd4 19. Be4 Bb7 20. Nxd4
Bxe4 21. Rxe4 cxd4 22. Qd3 Qf5 23. Bd2 Rd5 24. f4 Rc8 25. Rae1 h5 26. h3
Be7 27. Kh2 h4 28. Kh1 Rc6 29. Qb3 Rc4 30. Qd3 Rc6 31. Qb3 Rc4 32. Qd3 Rc6
1/2-1/2

[Event "GCT 2023 Saint Louis - Rapid"]
[Site "Saint Louis"]
[Date "15.11.2023"]
[Round "6R"]
[White "Robson, Ray"]
[Black "Firouzja, Alireza"]
[Result "1-0"]
[WhiteElo "2696"]
[BlackElo "2777"]
[EventDate "2023.11.14"]

1. d4 Nf6 2. c4 g6 3. Nc3 Bg7 4. e4 d6 5. h3 O-O 6. Be3 Nc6 7. d5 Ne5 8. f4
Ned7 9. Nge2 c6 10. g4 cxd5 11. cxd5 b6 12. Nd4 Nc5 13. Nc6 Qe8 14. Bg2 Ba6
15. Bxc5 bxc5 16. Qd2 e6 17. O-O-O exd5 18. exd5 Qd7 19. Rhe1 Rae8 20. Bf3
h6 21. g5 Nh7 22. Bg4 Qc7 23. h4 h5 24. Bh3 f5 25. gxf6 Bxf6 26. Rg1 Kh8
27. Rxg6 Bxh4 28. Be6 Bf6 29. Rdg1 Rxe6 30. dxe6 Qxc6 31. Nd5 Bd4 32. Ne7
Qe8 33. Rg8+ Rxg8 34. Rxg8+ Qxg8 35. Nxg8 Kxg8 36. Qg2+ Kh8 37. Qa8+ Kg7
38. Qxa7+ Kg6 39. Qf7+ Kh6 40. f5 Kg5 41. Qxh7 h4 42. Qg6+ Kf4 43. e7 Bb5
44. f6 1-0

[Event "GCT 2023 Saint Louis - Rapid"]
[Site "Saint Louis"]
[Date "15.11.2023"]
[Round "6R"]
[White "Sevian, Samuel"]
[Black "Giri, Anish"]
[Result "0-1"]
[WhiteElo "2696"]
[BlackElo "2752"]
[EventDate "2023.11.14"]

1. e4 e5 2. Nf3 Nc6 3. Bb5 Nf6 4. O-O Nxe4 5. d4 Nd6 6. Bxc6 dxc6 7. dxe5
Nf5 8. Qxd8+ Kxd8 9. Nc3 Bd7 10. Bf4 h6 11. Rad1 Kc8 12. g4 Ne7 13. h3 c5
14. Bg3 b6 15. e6 fxe6 16. Rd3 Ng6 17. Rfd1 Bc6 18. Rd8+ Kb7 19. Rxa8 Kxa8
20. Ne5 Nxe5 21. Rd8+ Kb7 22. Bxe5 Bd6 23. Rxh8 Bxe5 24. Kf1 b5 25. Ke2 b4
26. Nd1 a5 27. b3 Bb5+ 28. Ke1 c4 29. Ne3 cxb3 30. axb3 a4 31. bxa4 Bxa4
32. Rf8 c5 33. Rf7+ Kc6 34. Re7 Kd6 35. Rb7 Kc6 36. Re7 Kd6 37. Ra7 Bb5 38.
Kd1 Bd4 39. Rb7 Kc6 40. Rb8 c4 41. Rc8+ Kd7 42. Rb8 Kc6 43. Rd8 Bb6 44. Re8
Kd7 45. Rf8 b3 46. Kc1 Bd4 47. Rf4 Bf6 48. Kb1 bxc2+ 49. Kxc2 c3 50. Nd1 e5
51. Rb4 Bf1 52. Ne3 Bxh3 53. Kxc3 Bg5 54. Kd3 Ke6 55. f3 Bxe3 56. Kxe3 Bf1
57. Rb6+ Kf7 58. Ke4 Be2 59. Rb2 Bd1 60. Rd2 Bb3 61. Kxe5 g5 62. Rd3 Ba2
63. Rd7+ Kg6 64. Rb7 Bc4 65. Rb6+ Kg7 66. Rd6 Bb3 67. Rc6 Ba2 68. Kf5 Bb1+
69. Ke6 Ba2+ 70. Ke7 Bd5 71. Rc3 Ba2 72. Rc7 Bb3 73. Rc3 Bd5 74. Kd6 Ba2
75. Ra3 Bb1 76. Ke6 Bc2 77. Rc3 Bb1 78. Rc7+ Kg6 79. Ke7 Kg7 80. Ke8+ Kg8
81. Rc5 Kg7 82. Kd7 Bd3 83. Ke6 Bb1 84. Ke7 Bd3 85. Rc1 Bh7 86. Ke6 Kg6 87.
Rc8 Kg7 88. Rc7+ Kg6 89. Ke5 0-1

[Event "GCT 2023 Saint Louis - Rapid"]
[Site "Saint Louis"]
[Date "15.11.2023"]
[Round "6R"]
[White "Le,Quang Liem"]
[Black "Caruana, Fabiano"]
[Result "0-1"]
[WhiteElo "2731"]
[BlackElo "2795"]
[EventDate "2023.11.14"]

1. d4 Nf6 2. c4 e6 3. Nf3 d5 4. Nc3 a6 5. cxd5 exd5 6. Bg5 Be6 7. e3 Nbd7
8. h3 Bd6 9. Bd3 c6 10. O-O O-O 11. Re1 Qc7 12. Qd2 Rfe8 13. Bf4 Nb6 14. b3
h6 15. Rac1 Qe7 16. Bxd6 Qxd6 17. Ne5 Rac8 18. Bb1 Rc7 19. Ne2 Ne4 20. Qa5
Nc8 21. Nf4 Rce7 22. Bxe4 dxe4 23. Red1 Qd8 24. Qc5 Bd5 25. Nxd5 cxd5 26.
Rc2 Kh7 27. Rdc1 Nb6 28. a4 f6 29. Ng4 Na8 30. Qb4 Rd7 31. Nh2 Qe7 32. Qa5
Qa3 33. Rc8 Rd6 34. Nf1 Rxc8 35. Rxc8 Nb6 36. Rc3 Qb2 37. Qb4 Nc4 38. Ng3
Rd7 39. Nxe4 Rc7 40. Kh2 f5 41. Ng3 a5 42. Rxc4 axb4 43. Rxc7 Qxf2 44. Rxb7
f4 45. Nh1 Qxe3 46. Rxb4 Qd2 0-1

[Event "GCT 2023 Saint Louis - Rapid"]
[Site "Saint Louis"]
[Date "15.11.2023"]
[Round "6R"]
[White "Xiong, Jeffery"]
[Black "Nepomniachtchi, Ian"]
[Result "1/2-1/2"]
[WhiteElo "2681"]
[BlackElo "2771"]
[EventDate "2023.11.14"]

1. d4 Nf6 2. c4 e6 3. Nc3 Bb4 4. Nf3 O-O 5. Bg5 h6 6. Bh4 d5 7. e3 c5 8.
cxd5 exd5 9. dxc5 g5 10. Bg3 Ne4 11. Rc1 Nc6 12. Bd3 Bg4 13. Bxe4 dxe4 14.
Qxd8 Rfxd8 15. Ne5 Nxe5 16. Bxe5 Rac8 17. h4 gxh4 18. Rxh4 h5 19. f3 exf3
20. gxf3 Bxc3+ 21. Rxc3 Bxf3 22. Bf6 Rd1+ 23. Kf2 Rc6 24. Bd4 Bg4 25. Rb3
Rd2+ 26. Ke1 Rd1+ 27. Kf2 Rc7 28. Rh2 Kh7 29. Ra3 a6 30. Rb3 Be6 31. Rb6
Rd2+ 32. Kg3 Rxh2 33. Kxh2 Bxa2 34. Kg3 Be6 35. Kh4 Kg6 36. b4 Rd7 37. c6
bxc6 38. Rxc6 Rd5 39. Rc5 Rxc5 40. Bxc5 Bg4 41. Bd4 Be6 42. Bc5 Bg4 43. Bd4
Be6 44. Bc5 1/2-1/2

[Event "GCT 2023 Saint Louis - Rapid"]
[Site "Saint Louis"]
[Date "15.11.2023"]
[Round "6R"]
[White "So, Wesley"]
[Black "Vachier Lagrave, Maxime"]
[Result "0-1"]
[WhiteElo "2752"]
[BlackElo "2734"]
[EventDate "2023.11.14"]

1. e4 c5 2. Nf3 d6 3. d4 cxd4 4. Nxd4 Nf6 5. Nc3 a6 6. Bc4 e6 7. Be3 b5 8.
Bb3 Be7 9. a3 O-O 10. Qe2 Bb7 11. f3 Nbd7 12. g4 Rc8 13. g5 Nh5 14. f4 Nxf4
15. Bxf4 e5 16. Ne6 fxe6 17. Bxe6+ Kh8 18. Bd2 Rxc3 19. Bxc3 Bxg5 20. Bxd7
Qxd7 21. Rf1 Rc8 22. Qf3 h6 23. Bd2 Bh4+ 24. Kd1 Qc6 25. Qd3 Qxe4 26. Qxe4
Bxe4 27. c3 Bd3 28. Rf3 e4 29. Rh3 Bf2 30. Be3 Bxe3 31. Rxe3 Rf8 32. a4
Rf1+ 33. Re1 Rf2 34. axb5 axb5 35. h4 Rxb2 36. Ra8+ Kh7 37. Rd8 Kg6 38.
Rxd6+ Kh5 39. Rd7 g6 40. Rd6 Rg2 41. Rh1 Bc4 42. Re1 Rg4 43. Rd4 Kxh4 44.
Rexe4 Rxe4 45. Rxe4+ Kg3 46. Re7 h5 47. Rg7 Bd3 48. Kd2 Bf5 49. Rb7 h4 50.
Rxb5 h3 51. Re5 h2 0-1

[Event "GCT 2023 Saint Louis - Rapid"]
[Site "Saint Louis"]
[Date "16.11.2023"]
[Round "7R"]
[White "Firouzja, Alireza"]
[Black "Le, Quang Liem"]
[Result "1/2-1/2"]
[WhiteElo "2777"]
[BlackElo "2731"]
[EventDate "2023.11.14"]

1. e4 e5 2. Nf3 Nc6 3. Bb5 Nf6 4. d3 Bc5 5. Bxc6 dxc6 6. O-O Nd7 7. Nbd2
O-O 8. Nc4 Re8 9. g3 a5 10. a4 b6 11. Nh4 Nf8 12. Be3 Bb4 13. Nf5 Bxf5 14.
exf5 Qd5 15. c3 Be7 16. Qg4 Nd7 17. Rfd1 Nf6 18. Qe2 h6 19. g4 Rad8 20. f3
Bc5 21. Bxc5 Qxc5+ 22. Qf2 Qxf2+ 23. Kxf2 c5 24. Rd2 Nd5 25. Re1 f6 26. d4
cxd4 27. cxd4 Nb4 28. Re4 Kf8 29. Kg3 Nc6 30. dxe5 Rxd2 31. Nxd2 Nxe5 32.
Rd4 Ke7 33. f4 Nc6 34. Re4+ Kd7 35. Kh4 Rxe4 36. Nxe4 Ke7 37. g5 Nd4 38.
gxf6+ gxf6 39. Kh5 Kf7 40. Kxh6 Nxf5+ 41. Kh5 Ne3 42. Kh4 c6 43. Kg3 Kg6
44. Kf3 Nf5 45. Nd2 Nd6 46. b3 b5 47. Ke3 Kf5 48. h3 Nb7 49. Nf3 bxa4 50.
Nd4+ Kg6 51. bxa4 c5 52. Nb5 Kf5 53. Kf3 c4 54. Ke3 Nc5 55. Nd6+ Kg6 56.
Nxc4 Nxa4 57. Nxa5 Nc5 58. Nc6 Kh5 59. f5 Kg5 60. Nd4 Nb7 61. Kf3 Nd6 62.
Kg3 Nxf5+ 63. Nxf5 Kxf5 64. Kf3 Kg5 65. h4+ Kxh4 66. Kf4 f5 67. Kxf5
1/2-1/2

[Event "GCT 2023 Saint Louis - Rapid"]
[Site "Saint Louis"]
[Date "16.11.2023"]
[Round "7R"]
[White "Vachier Lagrave, Maxime"]
[Black "Robson, Ray"]
[Result "1/2-1/2"]
[WhiteElo "2734"]
[BlackElo "2696"]
[EventDate "2023.11.14"]

1. c4 e5 2. Nc3 Nf6 3. Nf3 Nc6 4. g3 Bb4 5. Nd5 e4 6. Nh4 O-O 7. a3 Bc5 8.
Bg2 d6 9. O-O Re8 10. d3 exd3 11. Qxd3 Ne5 12. Qc3 Bg4 13. b4 Nxd5 14. cxd5
Bb6 15. Ra2 a5 16. b5 a4 17. Kh1 Qd7 18. Rb2 Ra5 19. f4 Ng6 20. Nxg6 hxg6
21. Qd3 Bh3 22. e4 Bxg2+ 23. Kxg2 f5 24. Re1 Rxe4 25. Rxe4 fxe4 26. Qxe4
Rxb5 27. Qxg6 Rxd5 28. Re2 Rf5 29. Bb2 Qc6+ 30. Kh3 Qd7 31. Kg2 Qc6+ 32.
Kh3 Qd7 33. Kg2 1/2-1/2

[Event "GCT 2023 Saint Louis - Rapid"]
[Site "Saint Louis"]
[Date "16.11.2023"]
[Round "7R"]
[White "Giri, Anish"]
[Black "Xiong, Jeffery"]
[Result "1/2-1/2"]
[WhiteElo "2752"]
[BlackElo "2681"]
[EventDate "2023.11.14"]

1. e4 c5 2. Nf3 d6 3. d4 cxd4 4. Nxd4 Nf6 5. Nc3 a6 6. a4 e5 7. Nf3 Be7 8.
Bg5 Be6 9. Bxf6 Bxf6 10. Nd5 Nd7 11. Bc4 Rc8 12. b3 Qa5+ 13. b4 Qd8 14. Bb3
a5 15. Qd2 axb4 16. Qxb4 Nc5 17. O-O O-O 18. a5 Nxb3 19. Qxb3 Bxd5 20. Qxd5
Rc5 21. Qxb7 Rxa5 22. c4 Rc5 23. Rfc1 Qc8 24. Qxc8 Rfxc8 25. Ra4 h5 26. g3
d5 27. exd5 Rxd5 28. Re1 Rdc5 29. Nd2 Bd8 30. Nb3 Rxc4 31. Rxc4 Rxc4 32.
Rxe5 Bb6 33. Rxh5 Rc2 34. Rf5 Rb2 35. Rf3 Bxf2+ 36. Rxf2 Rxb3 37. Kg2 g6
38. Re2 Ra3 39. Rf2 Rb3 40. Re2 Ra3 41. Rf2 Rb3 42. Re2 Ra3 1/2-1/2

[Event "GCT 2023 Saint Louis - Rapid"]
[Site "Saint Louis"]
[Date "16.11.2023"]
[Round "7R"]
[White "Caruana, Fabiano"]
[Black "Sevian, Samuel"]
[Result "1/2-1/2"]
[WhiteElo "2795"]
[BlackElo "2696"]
[EventDate "2023.11.14"]

1. e4 e5 2. Nf3 Nc6 3. Bc4 Bc5 4. c3 Nf6 5. d3 d6 6. b4 Bb6 7. a4 a5 8. b5
Ne7 9. O-O Ng6 10. Nbd2 O-O 11. d4 h6 12. Re1 Re8 13. h3 c6 14. Bd3 Bc7 15.
Ba3 Nh5 16. Bf1 Nhf4 17. Nc4 Be6 18. b6 Bb8 19. dxe5 Bxc4 20. Bxc4 Nxe5 21.
Nxe5 Rxe5 22. Qf3 d5 23. Qxf4 Rxe4 24. Qf5 g6 25. Qf3 Rxc4 26. Re7 Rf4 27.
Qe3 Re4 28. Rxe4 dxe4 29. Qxe4 Bd6 30. Bc1 Qf8 31. Be3 Bc5 32. Rd1 Re8 33.
Bxc5 Rxe4 34. Bxf8 Kxf8 35. Rd7 Re7 36. Rd8+ Re8 37. Rd7 Re7 38. Rd8+ Re8
39. Rd7 Re7 1/2-1/2

[Event "GCT 2023 Saint Louis - Rapid"]
[Site "Saint Louis"]
[Date "16.11.2023"]
[Round "7R"]
[White "Nepomniachtchi, Ian"]
[Black "So, Wesley"]
[Result "1-0"]
[WhiteElo "2771"]
[BlackElo "2752"]
[EventDate "2023.11.14"]

1. e4 e5 2. Nf3 Nc6 3. Bb5 a6 4. Ba4 Nf6 5. O-O Be7 6. Bxc6 dxc6 7. Nc3 Nd7
8. d4 exd4 9. Qxd4 O-O 10. Bf4 Nc5 11. Qe3 Ne6 12. Rad1 Qe8 13. Bg3 Bc5 14.
Qd2 f6 15. Ne1 b5 16. Nd3 Bb6 17. Kh1 Bb7 18. f3 Rd8 19. Ne2 c5 20. Qc1 Nd4
21. Nxd4 cxd4 22. b4 a5 23. a3 Qc6 24. Qb2 Qc4 25. Bf2 axb4 26. axb4 f5 27.
e5 Ra8 28. Ra1 Ra4 29. Rxa4 bxa4 30. Ra1 Ra8 31. Ra3 h6 32. h3 Bc6 33. Nc5
Bxc5 34. bxc5 Rd8 35. Rd3 Qxc5 36. Bxd4 Qc4 37. e6 Qxe6 38. Bxg7 Rxd3 39.
cxd3 a3 40. Qc3 a2 41. Be5 Kf7 42. Qa5 Bd7 43. Qxc7 Qd5 44. Kh2 h5 45. Kg3
Ke6 46. f4 Bc6 47. Kh4 Qxg2 48. Qd6+ Kf7 49. Qf6+ Ke8 50. Qe6+ Kd8 51. Qd6+
Ke8 52. Bf6 Kf7 53. Qe7+ Kg8 54. Qe6+ Kf8 55. Qxf5 Be8 56. Bd4+ Bf7 57.
Qc5+ Ke8 58. Qc8+ Ke7 59. Bc5+ Kf6 60. Qh8+ Kf5 61. Qe5+ Kg6 62. Bd4 1-0

[Event "GCT 2023 Saint Louis - Rapid"]
[Site "Saint Louis"]
[Date "16.11.2023"]
[Round "8R"]
[White "Giri, Anish"]
[Black "Caruana, Fabiano"]
[Result "1/2-1/2"]
[WhiteElo "2752"]
[BlackElo "2795"]
[EventDate "2023.11.14"]

1. e4 e5 2. Nf3 Nc6 3. Bc4 Nf6 4. d3 Bc5 5. O-O h6 6. c3 d6 7. Re1 O-O 8.
Nbd2 a5 9. Nf1 a4 10. Ng3 Bb6 11. h3 Bd7 12. Bb5 Ne7 13. Bxd7 Qxd7 14. d4
Ng6 15. Be3 exd4 16. Bxd4 Bxd4 17. cxd4 Qb5 18. Qc2 Rac8 19. Re3 Rfe8 20.
Rae1 c5 21. d5 Qd7 22. b3 axb3 23. axb3 b5 24. Qb2 Nf4 25. Qd2 c4 26. bxc4
bxc4 27. Nd4 Nd3 28. Ngf5 Nh5 29. Rxd3 cxd3 30. Qxd3 g6 31. Nxh6+ Kh7 32.
Qd2 Qe7 33. Ng4 Qf8 34. Nf3 Qg7 35. e5 dxe5 36. Ngxe5 f6 37. Ng4 Rxe1+ 38.
Qxe1 Rd8 39. Qe4 Qf7 40. Ne3 Kg8 41. g4 Ng7 42. Nd4 Re8 43. Qd3 f5 44. gxf5
gxf5 45. Ndxf5 Qg6+ 46. Kf1 Kh7 47. Qc2 Qa6+ 48. Kg2 Qg6+ 49. Ng3 Qxc2 50.
Nxc2 Kg6 51. Ne3 Kg5 52. Kf3 Rf8+ 53. Ke2 Rh8 54. d6 Ne6 55. Ne4+ Kf4 56.
Nd2 Rxh3 57. Ndc4 Ke4 58. Nd2+ Kd4 59. d7 Rh8 60. Nf3+ Ke4 61. Nd2+ Ke5 62.
Ndc4+ Kd4 63. Na5 Nd8 64. Nb3+ Ke5 65. Kd3 Kd6 66. Nd4 Kxd7 67. f4 Nb7 68.
Ke4 Re8+ 69. Kf3 Nc5 70. Ng4 Ra8 71. f5 Ra3+ 72. Kf4 Ra4 73. Ke5 Nd3+ 74.
Ke4 Nb4 75. Ke5 Ra5+ 76. Kf6 Nd5+ 77. Kg5 Ra8 78. Nf6+ Nxf6 79. Kxf6 Rf8+
80. Ke5 Rxf5+ 81. Nxf5 1/2-1/2

[Event "GCT 2023 Saint Louis - Rapid"]
[Site "Saint Louis"]
[Date "16.11.2023"]
[Round "8R"]
[White "Robson, Ray"]
[Black "Nepomniachtchi, Ian"]
[Result "1-0"]
[WhiteElo "2696"]
[BlackElo "2771"]
[EventDate "2023.11.14"]

1. d4 Nf6 2. c4 g6 3. Nc3 d5 4. cxd5 Nxd5 5. e4 Nxc3 6. bxc3 Bg7 7. Bc4 c5
8. Ne2 O-O 9. O-O Nc6 10. Be3 Bg4 11. f3 Bd7 12. Rb1 Rc8 13. Qd2 e6 14. h4
cxd4 15. cxd4 Qa5 16. Qb2 Rfd8 17. Rfc1 Bf6 18. Bf2 b6 19. Be1 Qh5 20. g4
Qh6 21. g5 Bxg5 22. hxg5 Qxg5+ 23. Bg3 b5 24. Bb3 a5 25. Kf2 Be8 26. a3 b4
27. a4 h5 28. Rc5 Qf6 29. Rbc1 h4 30. Bf4 Qh8 31. Rh1 h3 32. Qc1 e5 33.
dxe5 Rd3 34. Bd5 Qh5 35. Ng1 Nxe5 36. Rxh3 Rc3 37. Rxc8 Nd3+ 38. Kg3 Nxf4
39. Rxe8+ Kh7 40. Qxf4 1-0

[Event "GCT 2023 Saint Louis - Rapid"]
[Site "Saint Louis"]
[Date "16.11.2023"]
[Round "8R"]
[White "Le, Quang Liem"]
[Black "Vachier Lagrave, Maxime"]
[Result "1/2-1/2"]
[WhiteElo "2731"]
[BlackElo "2734"]
[EventDate "2023.11.14"]

1. d4 Nf6 2. c4 g6 3. Nc3 d5 4. Nf3 Bg7 5. cxd5 Nxd5 6. Na4 O-O 7. e4 Nb6
8. Be3 Nxa4 9. Qxa4 c5 10. Rd1 cxd4 11. Nxd4 Bg4 12. f3 Bd7 13. Qa3 a6 14.
Be2 e6 15. O-O Qc7 16. Nb3 Rc8 17. Nc5 Bc6 18. Rd2 Nd7 19. Nxd7 Bxd7 20.
Rfd1 Bc6 21. Qb4 h5 22. Qb6 Qxb6 23. Bxb6 Bh6 24. Rc2 Kf8 25. Kf2 Ke8 26.
Be3 Bg7 27. Bd4 Bf8 28. Rdc1 Rd8 29. Bb6 Rd7 30. Rd1 Rxd1 31. Bxd1 Bd6 32.
h4 Ke7 33. g3 e5 34. Be2 Rc8 35. Ke3 Bd7 36. Rxc8 Bxc8 37. Bc4 Be6 38. Kd3
Kd7 39. Bxe6+ fxe6 40. Ba5 b5 41. Bc3 Kc6 42. b3 Bc7 43. Bb2 Bd6 44. Bc3
Bc7 45. Bb2 Bd6 46. Bc3 Bc7 47. Bb2 1/2-1/2

[Event "GCT 2023 Saint Louis - Rapid"]
[Site "Saint Louis"]
[Date "16.11.2023"]
[Round "8R"]
[White "Xiong, Jeffery"]
[Black "So, Wesley"]
[Result "1/2-1/2"]
[WhiteElo "2681"]
[BlackElo "2752"]
[EventDate "2023.11.14"]

1. d4 Nf6 2. c4 c6 3. Nf3 d5 4. Nc3 e6 5. Bg5 h6 6. Bxf6 Qxf6 7. e3 Nd7 8.
Be2 g6 9. O-O Bg7 10. cxd5 exd5 11. b4 a6 12. a4 O-O 13. b5 Qd6 14. bxc6
bxc6 15. Rb1 Rd8 16. a5 c5 17. dxc5 Nxc5 18. Rb6 Qf8 19. Nd4 Ne6 20. Na4
Bd7 21. Rb1 Nxd4 22. exd4 Bxa4 23. Qxa4 Qe7 24. Bf3 Rac8 25. Rfc1 Rxc1+ 26.
Rxc1 Qf6 27. Qc6 Qf4 28. Rf1 Bxd4 29. Bxd5 Rd6 30. Qc7 Rf6 31. Qxf4 Rxf4
32. Bb7 Rf6 33. g3 Bc3 34. Rc1 Bxa5 35. Ra1 Bb6 36. Rxa6 Bxf2+ 37. Kg2 Bb6
38. Bf3 h5 39. h4 Kg7 40. Kh3 Rd6 41. Be2 Kf6 42. Kg2 Ke7 43. Kh3 Kf6 44.
Kg2 Ke5 45. Bc4 f5 46. Be2 Kd4 47. Kf3 Re6 48. Ra4+ Kc5 49. Ra2 Kb4 50. Bd1
Re3+ 51. Kg2 Rd3 52. Bf3 Be3 53. Ra6 Rd2+ 54. Kh3 Bg1 55. Bg2 f4 56. Rf6
fxg3 57. Rxg6 Rc2 58. Rg5 Rc5 59. Rxc5 Bxc5 60. Kxg3 Be7 61. Bf3 Bxh4+ 62.
Kxh4 Kc5 63. Kxh5 1/2-1/2

[Event "GCT 2023 Saint Louis - Rapid"]
[Site "Saint Louis"]
[Date "16.11.2023"]
[Round "8R"]
[White "Sevian, Samuel"]
[Black "Firouzja, Alireza"]
[Result "1-0"]
[WhiteElo "2696"]
[BlackElo "2777"]
[EventDate "2023.11.14"]

1. e4 e5 2. Nf3 Nc6 3. Bb5 a6 4. Ba4 Nf6 5. O-O Be7 6. Re1 b5 7. Bb3 d6 8.
c3 O-O 9. h3 Re8 10. d4 Bb7 11. Nbd2 Bf8 12. Bc2 h6 13. d5 Nb8 14. b3 c6
15. c4 a5 16. Nf1 Qc7 17. Ne3 bxc4 18. bxc4 Na6 19. Bb2 Nb4 20. Bb1 Bc8 21.
Nh2 Rb8 22. Bc3 cxd5 23. exd5 g6 24. Qd2 Qa7 25. a3 Na6 26. Bc2 Nc5 27.
Neg4 Bxg4 28. Nxg4 Nxg4 29. hxg4 Qa6 30. Qe2 Nb3 31. Rab1 Nd4 32. Bxd4 exd4
33. Qf1 Rxb1 34. Rxb1 Qc8 35. Ba4 Re5 36. Bd1 d3 37. Qxd3 Re1+ 38. Kh2 Qc5
39. Rb2 Bg7 40. Re2 Be5+ 41. g3 Rxe2 42. Qxe2 Qxa3 43. Kg2 Kg7 44. Qc2 Qb4
45. Qa2 Bd4 46. Ba4 Qe1 47. Qc2 Qa1 48. Be8 Kf8 49. Bb5 Bc5 50. Bc6 Kg7 51.
Bb5 Qe5 52. Bc6 f5 53. gxf5 gxf5 54. Ba4 Kf6 55. Qd2 Kg6 56. Bc2 h5 57. Qd3
Kf6 58. f4 Qd4 59. Qxf5+ Ke7 60. Qg5+ Qf6 61. Qxh5 Qb2 62. Qh7+ Kd8 63. Kh3
Qa1 64. Kg4 Qe1 65. Ba4 Qe7 66. Qxe7+ Kxe7 67. Kf5 Kf7 68. g4 1-0

[Event "GCT 2023 Saint Louis - Rapid"]
[Site "Saint Louis"]
[Date "16.11.2023"]
[Round "9R"]
[White "Vachier Lagrave, Maxime"]
[Black "Sevian, Samuel"]
[Result "1/2-1/2"]
[WhiteElo "2734"]
[BlackElo "2696"]
[EventDate "2023.11.14"]

1. e4 e5 2. Nf3 Nc6 3. Bb5 a6 4. Ba4 Nf6 5. O-O Nxe4 6. d4 b5 7. Bb3 d5 8.
dxe5 Be6 9. Nbd2 Be7 10. c3 Nc5 11. Bc2 d4 12. Nb3 d3 13. Bb1 Nxb3 14. axb3
Bf5 15. h3 O-O 16. Re1 Qd7 17. b4 Rfd8 18. Bf4 a5 19. g4 Bg6 20. Ba2 Rf8
21. e6 Qd8 22. bxa5 Rxa5 23. Bg3 Kh8 24. exf7 h6 25. b4 Ra4 26. Be6 Rxa1
27. Qxa1 Bxf7 28. Bxf7 Rxf7 29. Qd1 Bf6 30. Re3 Rd7 31. Qd2 Bg5 32. Nxg5
Qxg5 33. Re8+ Kh7 34. Qxg5 hxg5 35. Re1 d2 36. Rd1 Rd3 37. Bxc7 Rxc3 38.
Rxd2 Nxb4 39. Be5 Rxh3 40. Bg3 Rh6 41. Rb2 Nd3 42. Rxb5 Rg6 43. Kf1 Nf4 44.
Rf5 Ne6 45. Be5 Kg8 46. Rf3 Nf8 47. Ra3 Re6 48. Ra5 Nh7 49. f3 Re7 50. Kf2
Kf7 51. Bd4 Kg6 52. Be3 Re6 53. Ke2 Re7 54. Ra3 Nf6 55. Kd3 Rd7+ 56. Bd4
Rb7 57. Ra5 Rb3+ 58. Bc3 Rb7 59. Bd2 Rd7+ 60. Ke2 Re7+ 61. Kd3 Rd7+ 62. Ke2
Re7+ 63. Kd3 Rd7+ 1/2-1/2

[Event "GCT 2023 Saint Louis - Rapid"]
[Site "Saint Louis"]
[Date "16.11.2023"]
[Round "9R"]
[White "Caruana, Fabiano"]
[Black "Xiong, Jeffery"]
[Result "1-0"]
[WhiteElo "2795"]
[BlackElo "2681"]
[EventDate "2023.11.14"]

1. e4 e5 2. Bc4 Nf6 3. d3 Nc6 4. Nf3 Bc5 5. Bg5 h6 6. Bh4 Be7 7. Bg3 d6 8.
a4 O-O 9. a5 a6 10. Nbd2 Be6 11. Bxe6 fxe6 12. O-O Nh7 13. c3 Ng5 14. Qb3
Qd7 15. Rfe1 Rab8 16. h3 Bf6 17. Qc4 Rbd8 18. b4 Ne7 19. Qb3 Ng6 20. d4 Kh7
21. Rad1 exd4 22. cxd4 Be7 23. Qc2 Nxf3+ 24. Nxf3 Nf4 25. Re3 Kg8 26. d5 e5
27. Rc3 Rc8 28. Rc1 Bd8 29. Bxf4 Rxf4 30. g3 Rf7 31. Kg2 Qb5 32. Rb1 c6 33.
Qb3 Rcc7 34. dxc6 bxc6 35. Rd1 Be7 36. Rdd3 Bf8 37. Nh4 Kh7 38. Rf3 d5 39.
exd5 Bxb4 40. Rxc6 Bxa5 41. Qc2+ Kg8 42. Rxc7 Rxc7 43. Qe4 Rc1 44. Rd3 Re1
45. Qg6 e4 46. Nf5 Bc3 47. Nxh6+ Kh8 48. Nf7+ Kg8 49. Ng5 1-0

[Event "GCT 2023 Saint Louis - Rapid"]
[Site "Saint Louis"]
[Date "16.11.2023"]
[Round "9R"]
[White "So, Wesley"]
[Black "Robson, Ray"]
[Result "1-0"]
[WhiteElo "2752"]
[BlackElo "2696"]
[EventDate "2023.11.14"]

1. e4 e5 2. Nf3 Nc6 3. Bb5 Nf6 4. d3 Bc5 5. Bxc6 dxc6 6. Bg5 h6 7. Bh4 Qe7
8. Nbd2 Bg4 9. h3 Bh5 10. g4 Bg6 11. Nc4 O-O-O 12. Qe2 Bd6 13. O-O-O Qe6
14. Kb1 Rde8 15. Bg3 Nd7 16. Nh4 Bh7 17. Nf5 Bf8 18. f3 g6 19. Nfe3 Bc5 20.
f4 exf4 21. Bxf4 f5 22. gxf5 gxf5 23. exf5 Bxf5 24. Qh2 b5 25. d4 bxc4 26.
dxc5 Nxc5 27. Qd2 Nb7 28. Qc3 Qe4 29. Nxf5 Qxf5 30. Rd4 c5 31. Rxc4 Rh7 32.
b3 h5 33. Rg1 Rhe7 34. Kb2 Re4 35. Rxe4 Qxe4 36. Bd2 Qd4 37. Rg5 Re2 38.
Bc1 Re1 39. Rxc5 Qxc3+ 40. Rxc3 Kd7 41. Rd3+ Nd6 42. Rd5 h4 43. Rh5 Re4 44.
Bg5 Nf5 45. Rh7+ Kd6 46. Bd8 c5 47. Rxa7 Re3 48. Rf7 Ke6 49. Rc7 Kd6 50.
Rf7 Ke6 51. Rf6+ Ke5 52. Rc6 Kd5 53. Rc8 Nd6 54. c4+ Ke6 55. Rxc5 Rxh3 56.
a4 Rh2+ 57. Ka3 h3 58. Bc7 Rh1 59. Bxd6 Kxd6 60. Rh5 h2 61. Kb4 Kc6 62. a5
Kb7 63. Rh6 Ka7 64. a6 Ka8 65. Rh7 Kb8 66. c5 Ka8 67. a7 Rb1 68. Rxh2 Kxa7
69. Rh7+ Ka6 70. Rh6+ Kb7 71. Kc4 Kc7 72. b4 Rc1+ 73. Kb5 Rb1 74. Rh7+ Kb8
75. c6 Kc8 76. Kc5 Re1 1-0

[Event "GCT 2023 Saint Louis - Rapid"]
[Site "Saint Louis"]
[Date "16.11.2023"]
[Round "9R"]
[White "Firouzja, Alireza"]
[Black "Giri, Anish"]
[Result "1-0"]
[WhiteElo "2777"]
[BlackElo "2752"]
[EventDate "2023.11.14"]

1. Nf3 d5 2. c4 e6 3. g3 Nf6 4. Bg2 Be7 5. O-O O-O 6. d3 c5 7. cxd5 exd5 8.
d4 Nc6 9. Nc3 h6 10. Be3 c4 11. Ne5 Bb4 12. Qa4 a5 13. Qb5 Na7 14. Qa4 Bf5
15. a3 Be7 16. h3 Rb8 17. b4 axb4 18. axb4 Nc6 19. g4 Bxb4 20. Na2 Ra8 21.
Nxc6 Rxa4 22. Nxd8 Bg6 23. Nxb4 Rxb4 24. Ra8 c3 25. Rc8 c2 26. f4 Be4 27.
g5 Bxg2 28. Kxg2 Ne4 29. Rc1 Nd6 30. Rb8 Nc4 31. Bf2 Na3 32. Nc6 Rb1 33.
Ne7+ Kh7 34. Rxf8 Rxc1 35. Be3 Re1 36. Kf2 c1=Q 37. Bxc1 Rxc1 38. Rxf7 hxg5
39. f5 1-0

[Event "GCT 2023 Saint Louis - Rapid"]
[Site "Saint Louis"]
[Date "16.11.2023"]
[Round "9R"]
[White "Nepomniachtchi, Ian"]
[Black "Le, Quang Liem"]
[Result "1-0"]
[WhiteElo "2771"]
[BlackElo "2731"]
[EventDate "2023.11.14"]

1. e4 c5 2. Nf3 Nc6 3. d4 cxd4 4. Nxd4 e5 5. Nb5 d6 6. N1c3 a6 7. Na3 Be6
8. Nc4 Rb8 9. Ne3 g6 10. Bc4 Bh6 11. Bxe6 fxe6 12. Nc4 Bxc1 13. Rxc1 Nd4
14. Ne2 Rc8 15. b3 b5 16. Nxd4 bxc4 17. Nxe6 Qe7 18. Qg4 cxb3 19. Ng7+ Kd8
20. Ne6+ Ke8 21. Ng5 Rxc2 22. Rxc2 bxc2 23. Qc8+ Qd8 24. Qc6+ Ke7 25. O-O
h6 26. Nf3 Nf6 27. Qxc2 Qc8 28. Qd3 Qc6 29. Qa3 Nd7 30. Rd1 Nc5 31. Rd5 Rb8
32. h3 Qa4 33. Rxe5+ Kd7 34. Qxa4+ Nxa4 35. Ra5 Nc3 36. e5 Rb6 37. h4 d5
38. Nd4 Rb1+ 39. Kh2 Rb4 40. e6+ Ke8 41. Nf3 Ke7 42. Rxa6 Re4 43. Ra7+ Kxe6
44. Rh7 Kf6 45. h5 gxh5 46. Rxh6+ Ke7 47. Rxh5 Kd6 48. Rh6+ Kc5 49. Ng5 Re1
50. Ne6+ Kb5 51. f4 Kc4 52. f5 d4 53. Nf4 Rf1 54. g3 Rf2+ 55. Kh3 Nd5 56.
Rc6+ Kb5 57. Rc5+ Kxc5 58. Nd3+ Kd6 59. Nxf2 Ke5 60. g4 Kf4 61. a4 Kf3 62.
Nd3 Ke3 63. Nb2 Kf4 64. a5 Kg5 65. a6 Nf4+ 66. Kg3 Nd5 67. a7 Nb6 68. Nd3
Na8 69. Nc5 1-0